| 000 | 00762nam a22002177a 4500 | ||
|---|---|---|---|
| 003 | OSt | ||
| 005 | 20251201110352.0 | ||
| 008 | 251201b |||||||| |||| 00| 0 eng d | ||
| 020 | _a978-1-890627-48-5. | ||
| 040 |
_aDWCL-Main lib. _cOC |
||
| 082 |
_23rd ed. _aCirc. 649.15 S399n 2004 |
||
| 100 | _aSchwartz, Sue | ||
| 245 |
_aThe new language of toys : _bteaching communication skills to children with special needs/ _cSue Schwartz |
||
| 250 | _a3rd ed. | ||
| 260 |
_aBethesda, MD : _bWoodbine House Inc. , _cc2004 |
||
| 300 |
_axiii, 249 p. : _bill. ; _c26 cm. |
||
| 504 | _aIncludes bibliographical references & index. | ||
| 650 | _a1. Language acquisition-Parent participation. | ||
| 650 | _a2. Toys. | ||
| 942 |
_2ddc _cBK-CIRC _e3rd ed. _hCirc. _n0 |
||
| 999 |
_c6639 _d6639 |
||